000 00625nam a2200205Ia 4500
003 OSt
005 20250510123936.0
008 210210b1971 xxu||||| |||| 00| 0 eng d
040 _cAL
041 _aKannada
082 _aK894.9 PARP
100 _aPARAMESHVARA BHATTA (S V),Ed.
_dಪರಮೇಶ್ವರ ಭಟ್ಟ (ಎಸ್ ವಿ)
_9209893
245 _aPrabandhagalu.
_bಪ್ರಬಂಧಗಳು
260 _aMaisuru
_bUsha Sahitya Male
_c1971
300 _aiv,119
650 _aKumara Sambhava Shrangara Muddana Vinayaka
_9209894
690 _aKannada Criticism
_9209895
906 _a032878
942 _2ddc
_cBK
999 _c84171
_d84171